The flintstones and the jetsons: vol.1 / (Record no. 47857)
| 000 -LEADER | |
|---|---|
| fixed length control field | 00367nam a2200121 4500 |
| 020 ## - INTERNATIONAL STANDARD BOOK NUMBER | |
| International Standard Book Number | 9781401272401 |
| 100 ## - MAIN ENTRY--PERSONAL NAME | |
| Personal name | Busch, Robbie |
| 9 (RLIN) | 85670 |
| 245 ## - TITLE STATEMENT | |
| Title | The flintstones and the jetsons: vol.1 / |
| Statement of responsibility, etc | Robbie Busch & Mike Carlin |
| 260 ## - PUBLICATION, DISTRIBUTION, ETC. (IMPRINT) | |
| Place of publication, distribution, etc | USA |
| Name of publisher, distributor, etc | DC Comics |
| Date of publication, distribution, etc | 2017 |
| 300 ## - PHYSICAL DESCRIPTION | |
| Extent | 84 p. |
| Other physical details | col. ill. : (graphics) |
| Dimensions | 26 cm. |
| 650 ## - SUBJECT ADDED ENTRY--TOPICAL TERM | |
| Topical term or geographic name as entry element | Juvenile Fiction |
| 9 (RLIN) | 46924 |
| 942 ## - ADDED ENTRY ELEMENTS (KOHA) | |
| Source of classification or shelving scheme | |
| Koha item type | Books/GRAPHICS |
| Withdrawn status | Lost status | Source of classification or shelving scheme | Damaged status | Not for loan | Home library | Current library | Shelving location | Date acquired | Total Checkouts | Full call number | Barcode | Checked out | Date last seen | Date checked out | Price effective from | Koha item type |
|---|---|---|---|---|---|---|---|---|---|---|---|---|---|---|---|---|
| Asian Hope Primary Library | Asian Hope Primary Library | Junior Fiction | 11/18/2024 | 32 | J GRAPHIX BUS | 206996 | 05/06/2026 | 04/29/2026 | 04/29/2026 | 11/18/2024 | Books/GRAPHICS |